| 000 | 00720nam a22002415i 4500 | ||
|---|---|---|---|
| 001 | 175867 | ||
| 003 | ES-MaACL | ||
| 005 | 20240429130221.0 | ||
| 008 | 101126s1926 fr a |||| | fre d | ||
| 080 | _a929 Montaigne | ||
| 080 | _a1 Montaigne | ||
| 100 | 1 |
_aPrévost, Jean. _9144086 |
|
| 245 | 1 | 3 |
_aLa vie de Montaigne / _cpar Jean Prévost. |
| 250 | _a3e éd. | ||
| 260 |
_aParis : _bGallimard, _c1926. |
||
| 300 |
_a227 p. , [2] h. : _b1 retr. ; _c19 cm. |
||
| 490 | 1 |
_aVies des hommes illustres ; _v4 |
|
| 546 | _aTexto en francés. | ||
| 600 | 1 | 4 |
_aMontaigne, Michel de, _d1533-1592 _982329 |
| 830 | 0 |
_aVies des hommes illustres ; _v4 _9182839 |
|
| 852 |
_aES-MaACL _jE-13689 |
||
| 999 |
_c175867 _d175867 |
||